00430nam a2200157Ia 45000010005000000080041000050200018000460400013000640820021000771000024000982450086001222600009002083000011002175460007002286500037002359306140326s9999 xx 000 0 und d a0-946960-60-7 cPK-LaUMT a 616.8917bBOL-S aBollas, Christopher 4aThe shadow of the object : Psychoanalysis of the unthought kcBollas, Christopher c1987 a283 p. aEN aObject relations(Psychoanalysis)